[Event "GER-ch U18 Girls"]
[Site "Oberhof"]
[Date "2013.05.23"]
[Round "7"]
[White "Liez, Franziska"]
[Black "Tran, Kim Thuy Vy"]
[Result "1-0"]
[WhiteElo "1844"]
[BlackElo "763"]
[PlyCount "97"]
[EventDate "2013.05.19"]
[EventType "swiss"]
[EventRounds "9"]
[EventCountry "GER"]
[SourceTitle "CBM 154 Extra"]
[Source "ChessBase"]
[SourceDate "2013.06.25"]
[SourceVersion "2"]
[SourceVersionDate "2013.06.25"]
[SourceQuality "1"]

1. e4 d5 2. exd5 Qxd5 3. Nc3 Qa5 4. d4 c6 5. Bd2 Qc7 6. Nf3 Bf5 7. Bc4 e6 8. Bb3 Nf6 9. Qe2 Be7 10. h3 h5 11. 0-0-0 Nbd7 12. Nh4 g6 13. Nxf5 gxf5 14. Rhe1 0-0-0 15. Kb1 Bb4 16. Nb5 Qb6 17. Bxb4 cxb5 18. Be7 Rde8 19. Bxf6 Nxf6 20. c3 Re7 21. Qe5 Rh6 22. Bc2 Nd7 23. Qg7 Rg6 24. Qh8+ Qd8 25. Qxh5 Rxg2 26. Qf3 Rg5 27. Qe2 a6 28. f4 Rg8 29. Bxf5 exf5 30. Qxe7 Qxe7 31. Rxe7 Rf8 32. Rde1 Nf6 33. R7e5 Kd8 34. Rxf5 Ne8 35. Rd5+ Kc7 36. Re7+ Kb6 37. Rd8 Rg8 38. Rdxe8 Rg1+ 39. Re1 Rg3 40. R8e3 Rg6 41. h4 Rg4 42. Rh1 Rxf4 43. h5 Rg4 44. Rf3 Rg7 45. h6 Rh7 46. Rf6+ Ka5 47. Rg1 b4 48. Rg5+ Ka4 49. b3+ 1-0

[Event "GER-ch U18 Girls"]
[Site "Oberhof"]
[Date "2013.05.20"]
[Round "3"]
[White "Wulf, Constanze"]
[Black "Tran, Kim Thuy Vy"]
[Result "1-0"]
[WhiteElo "1675"]
[BlackElo "763"]
[PlyCount "75"]
[EventDate "2013.05.19"]
[EventType "swiss"]
[EventRounds "9"]
[EventCountry "GER"]
[SourceTitle "CBM 154 Extra"]
[Source "ChessBase"]
[SourceDate "2013.06.25"]
[SourceVersion "2"]
[SourceVersionDate "2013.06.25"]
[SourceQuality "1"]

1. d4 d5 2. c4 Nf6 3. cxd5 Nxd5 4. Nc3 Nf6 5. Bg5 h6 6. Bxf6 exf6 7. e3 Be7 8. Bd3 c6 9. Nge2 0-0 10. 0-0 f5 11. Qc2 Qd7 12. Rab1 Qe6 13. Na4 b5 14. Nf4 Qf6 15. Nc5 Bxc5 16. Qxc5 Na6 17. Qc3 Bd7 18. Qa5 Bc8 19. Rfc1 b4 20. Bxa6 g5 21. Nd3 Bd7 22. Qxb4 Qe6 23. Nc5 Qe7 24. Qa5 Rfd8 25. Qc7 Kh7 26. Bb7 Rab8 27. Na6 Rxb7 28. Qxb7 Qf8 29. Qxa7 Ra8 30. Qxd7 Rxa6 31. Qxf5+ Kg8 32. a3 Qe7 33. Qc8+ Kg7 34. Qxa6 Kg6 35. Rxc6+ Kh5 36. Rxh6+ Kg4 37. f3+ Kf5 38. Qd3+ 1-0